| 000 | 00924nam a22003137a 4500 | ||
|---|---|---|---|
| 003 | CHAP | ||
| 005 | 20220329140825.0 | ||
| 008 | 971013s1948 r 00010 d | ||
| 010 | _a58165 | ||
| 011 | _a59137 | ||
| 035 | _a63294 | ||
| 040 | _cCHAP | ||
| 082 |
_a631.1 _bS86 |
||
| 100 | 0 | 0 |
_aStone, Archie A. _9109881 |
| 245 | _aFarm machinery | ||
| 250 | _a3 ed. | ||
| 260 |
_aNew York : _bWiley, _c1948 |
||
| 300 |
_a523 p. _b: ilus. |
||
| 590 |
_aBATCH-UPD _b10 _c20130109 _lUCH01 _h2345 |
||
| 590 |
_aBATCH-UPD _b10 _c20130110 _lUCH01 _h2112 |
||
| 590 |
_aBATCH-UPD _b10 _c20130410 _lUCH01 _h1422 |
||
| 590 |
_aBATCH-UPD _b10 _c20130914 _lUCH01 _h1758 |
||
| 590 |
_aCONVERSION _b10 _c20130109 _lUCH01 _h1331 |
||
| 650 | 1 | 4 |
_aMaquinaria agrÃcola. _971151 |
| 901 | _aBK | ||
| 942 | _cLIBRO | ||
| 949 |
_a631.1 S86 _bBC _cBPA _d-135946 _eBPA _h20887 _i63294 _si |
||
| 949 |
_a631.1 S86 _bBC _cBPA _d-135947 _eBPA _fc.2 _h20888 _i63294 _si |
||
| 999 |
_c58165 _d58165 |
||